| 000 | 01443nam a22002777a 4500 | ||
|---|---|---|---|
| 001 | 7389 | ||
| 003 | FISKH | ||
| 005 | 20250711141909.0 | ||
| 008 | 250711b cb ||||| |||| 00| 0 eng d | ||
| 020 | _a9780740301445 | ||
| 040 |
_aFISKH _beng _cFISKH _dFISKH |
||
| 050 | _aPE1117.A47 .O27 | ||
| 082 | _a421 | ||
| 100 | _aO'Brien, Pollyann | ||
| 245 |
_aHorizons phonics & reading : _bVan's Scarecrow / _cAuthor : Pollyann O'Brien ; Illustrator : Brian Ring |
||
| 260 |
_aRock Rapids : _bAlpha Omega Publications, _c2001. |
||
| 300 |
_a128 pages : _bcolor illustrations ; _c23 cm |
||
| 490 |
_aHorizons phonics & reading : _vReader 4 |
||
| 505 | _aG | ||
| 520 | _aHorizons Kindergarten Phonics and Reading is a phonetically-based word recognition and early reading curriculum.Students learn to identify the name and sounds of letters through stories and picture associations. Basic concepts are taught through brightly illustrated readers that emphasize comprehension and language skills. Subjects include the alphabet and letter sounds, consonants and vowels, blended sounds, reading, spelling, rhyming, sequence, nouns, verbs, pronouns, and contractions. Ideal for the reading-ready student.Manuscript style of writing is used for letter formation practice." | ||
| 521 | 8 |
_a380
_bLexile estimate |
|
| 521 | 8 |
_aG
_bRaz-Plus |
|
| 650 |
_aElementary _vKindergarten _xHomeschool |
||
| 942 |
_2ddc _cBK _n0 |
||
| 999 |
_c7389 _d7389 |
||